000 01375nam2a22002891 4500
001 rc\3398998
005 20130115135553.8
035 _a(NLR Aleph) 007545400
090 _a9788818
_c9788818
100 _a20130115d1973 |||y0rusy50 ca
101 0 _arus
102 _aRU
105 _aa z |||||
200 1 _aПрибалтийский район
_f[Сост. А.С. Мицкус, М.С. Юшкене, В.Т. Плаушка] [и др.]
_gПод ред. Д.И. Некрошене
_hВып. 3
_iЛитовская ССР и Калининградская область РСФСР
210 _d1973
215 _a624 с.
_cил.
320 _aБиблиогр.: с. 401
461 0 _1001rc\3398997
_12001#$aРесурсы поверхностных вод СССР$e[Гидрографические] описания рек, озер и водохранилищ$eТ. 4$fГл. упр. гидрометеорол. службы при Совете Министров СССР. Гос. гидрол. ин-т. Упр. гидрометеорол. службы ЛитССР$vТ. 4
702 1 _aПлаушка
_bВ. Т.
_4220
702 1 _aНекрошене
_bД. И.
_4340
702 1 _aЮшкене
_bМ. С.
_4220
702 1 _aМицкус
_bА. С.
_4220
801 0 _aRU
_bNLR
_gpsbo
801 1 _aRU
_bELAR
_2rusmarc
852 _aNLR
_j74-50К/3531
942 _cBOOK
980 _aNB